[Event "Reykjavik op"]
[Site "Reykjavik"]
[Date "2024.03.21"]
[Round "9"]
[White "Smits, Eduard"]
[Black "Atharva, M Parulekar"]
[Result "0-1"]
[WhiteElo "1918"]
[BlackElo "1580"]
[PlyCount "117"]
[EventDate "2024.03.15"]
[EventType "swiss"]
[EventRounds "9"]
[EventCountry "ISL"]
[SourceTitle "CB13_2024"]
[SourceDate "2024.03.27"]
[SourceVersion "1"]
[SourceVersionDate "2024.03.27"]
[SourceQuality "1"]

1. d4 d5 2. Nf3 Nf6 3. c4 e6 4. Nc3 c6 5. e3 Nbd7 6. Qc2 Bd6 7. Bd3 dxc4 8. Bxc4 b5 9. Be2 Bb7 10. 0-0 a6 11. e4 e5 12. Bg5 h6 13. Bh4 exd4 14. Nxd4 Qc7 15. Bg3 Bxg3 16. hxg3 c5 17. Nf5 0-0 18. Rad1 Rad8 19. a4 b4 20. Ne7+ Kh8 21. Ncd5 Qc6 22. Nxf6 Nxf6 23. Nd5 Nxe4 24. Qxe4 Rxd5 25. Qxd5 Qxd5 26. Rxd5 Bxd5 27. Rd1 Bb3 28. Rd7 Bxa4 29. Re7 a5 30. Re5 Ra8 31. Re7 Bb3 32. Bf3 Ra6 33. Rb7 Rd6 34. Ra7 a4 35. Rb7 Rd4 36. Kf1 Be6 37. Ke2 a3 38. bxa3 bxa3 39. Ra7 a2 40. Ke3 Rb4 41. Ra8+ Kh7 42. Be4+ g6 43. g4 Rb1 44. Rxa2 Bxa2 45. Bxb1 Bxb1 46. Kf4 f6 47. f3 g5+ 48. Ke3 Kg6 49. f4 gxf4+ 50. Kxf4 Bc2 51. Kg3 Kg5 52. Kh3 Bd1 53. Kg3 Bxg4 54. Kf2 Kf4 55. g3+ Ke4 56. Kg2 Ke3 57. Kg1 Kf3 58. Kh2 Kf2 59. Kh1 0-1